000 00214nam a22000977a 4500
999 _c261819
_d261818
020 _a9780531252369
100 _aAlicia Padron
245 _aBrush, Brush,Brush
260 _aNew York
_bScholastic
_c2010
942 _cBK